|
|
|
|
| LEADER |
00000nam0a2200000 4500 |
| 001 |
215353 |
| 005 |
20231101225947.0 |
| 010 |
|
|
|a 9785950204500
|
| 035 |
|
|
|a (RuTPU)RU\TPU\book\235257
|
| 090 |
|
|
|a 215353
|
| 100 |
|
|
|a 20120510d2011 k y0rusy50 ca
|
| 101 |
0 |
|
|a rus
|
| 102 |
|
|
|a RU
|
| 105 |
|
|
|a a z 001zy
|
| 200 |
1 |
|
|a Генетика. Химический и медико-биологический аспекты
|f В. Г. Граник
|
| 210 |
|
|
|a Москва
|c Вузовская книга
|d 2011
|
| 215 |
|
|
|a 438 с.
|c ил.
|
| 320 |
|
|
|a Библиогр.: с. 429-434.
|
| 320 |
|
|
|a Предметный указатель: с. 401-405.
|
| 320 |
|
|
|a Словарь терминов: с. 375-400.
|
| 330 |
|
|
|a Монография посвящена обобщению материала, касающегося проблем генетики — науки, изучающей наследственность и изменчивость — свойств, присущих всем живым организмам. Рассмотрены особенности передачи наследственной информации, которые определяются внутриклеточными процессами: митозом и мейозом. Показано, как на основе генетических исследований возникли новые области знания (молекулярная биология, молекулярная генетика), соответствующие биотехнологии (такие, как генная инженерия) и методы (например, полимеразная цепная реакция), позволяющие получать гибридные ДНК со свойствами, не существующими в природе. Рассмотрено, как современная генетика обеспечила новые возможности для исследования деятельности организма.
|
| 606 |
1 |
|
|a Генетика
|2 stltpush
|3 (RuTPU)RU\TPU\subj\5872
|9 33860
|
| 610 |
1 |
|
|a гены
|
| 610 |
1 |
|
|a ДНК
|
| 610 |
1 |
|
|a РНК
|
| 610 |
1 |
|
|a репликация
|
| 610 |
1 |
|
|a белки
|
| 610 |
1 |
|
|a репарация
|
| 610 |
1 |
|
|a повреждения
|
| 610 |
1 |
|
|a синтез
|
| 610 |
1 |
|
|a мутации
|
| 610 |
1 |
|
|a типы
|
| 610 |
1 |
|
|a геном
|
| 610 |
1 |
|
|a генетический код
|
| 610 |
1 |
|
|a транскрипция
|
| 610 |
1 |
|
|a пептиды
|
| 610 |
1 |
|
|a ферментативный катализ
|
| 610 |
1 |
|
|a протеомика
|
| 610 |
1 |
|
|a хромосомы
|
| 610 |
1 |
|
|a геномика
|
| 610 |
1 |
|
|a медицинская генетика
|
| 610 |
1 |
|
|a эпигенетика
|
| 610 |
1 |
|
|a наследственность
|
| 610 |
1 |
|
|a естественный отбор
|
| 610 |
1 |
|
|a гибридизация
|
| 610 |
1 |
|
|a олигонуклеотиды
|
| 675 |
|
|
|a 575
|v 3
|
| 700 |
|
1 |
|a Граник
|b В. Г.
|g Владимир Григорьевич
|
| 801 |
|
1 |
|a RU
|b 63413507
|c 20120510
|
| 801 |
|
2 |
|a RU
|b 63413507
|c 20120831
|g RCR
|
| 942 |
|
|
|c BK
|
| 959 |
|
|
|a 70/20120510
|d 1
|e 720,72
|f ЧЗТЛ:1
|